A History of Modern Philosophy : A Sketch of the History of Philosophy : from the Close of the Renaissance to Our Own Day /

Wedi'i Gadw mewn:
Manylion Llyfryddiaeth
Prif Awdur: Höffding, Harald (autor)
Awduron Eraill: Meyer, B.E. (traducción) (traducción)
Fformat: Llyfr
Iaith:Saesneg
Cyhoeddwyd: Nueva York, EUA : Dover, 1955
Tagiau: Ychwanegu Tag
Dim Tagiau, Byddwch y cyntaf i dagio'r cofnod hwn!

MARC

LEADER 00000nam^a2200000^a^4500
001 000564088
005 20250521000000.0
009 20260310132018.773
037 |a Acervo Xavier Clavigero 
041 |a ING 
091 |a FPA. 00661 
100 |a Höffding, Harald  |e (autor) 
245 1 2 |a A History of Modern Philosophy :  |b A Sketch of the History of Philosophy : from the Close of the Renaissance to Our Own Day / 
264 1 |a Nueva York, EUA :  |b Dover,  |c 1955 
300 |a 2 v. (532, 600 p.) 
336 |a texto  |b txt  |2 rdacontenido 
337 |a sin mediación  |b n  |2 rdamedio 
338 |a volumen  |b nc  |2 rdasoporte 
649 |a XX 
700 |a Meyer, B.E.  |e (traducción) 
910 |a Fondo José Ignacio Palencia Gómez S.J. 
920 |a Impresos - Libros 
930 |a Fondos Especiales 
905 |a 137 
901 |a 0500358849  |b IT2  |c ESL  |i D  |u 20250521 
901 |a 0500358866  |b IT2  |c ESL  |i D  |u 20250521 
902 |a https://opac.biblio.iteso.mx/vufind/Record/000564088